Job motivation and organisational climate in libraries (Record no. 2263)

MARC details
000 -LEADER
fixed length control field 00394nam a2200145Ia 4500
020 ## - INTERNATIONAL STANDARD BOOK NUMBER
ISBN 81-7099-703-8
082 ## - DEWEY DECIMAL CLASSIFICATION NUMBER
Classification number 025.1 MAH-;
100 ## - MAIN ENTRY--AUTHOR NAME
Personal name Mahavir Singh
245 #0 - TITLE STATEMENT
Title Job motivation and organisational climate in libraries
260 ## - PUBLICATION, DISTRIBUTION, ETC. (IMPRINT)
Place of publication New Delhi
Name of publisher Mittal Publications
Year of publication 1998
300 ## - PHYSICAL DESCRIPTION
Number of Pages 148p.
650 ## - SUBJECT ADDED ENTRY--TOPICAL TERM
Topical Term Libraries - Services to families
650 ## - SUBJECT ADDED ENTRY--TOPICAL TERM
Topical Term Library administrators
942 ## - ADDED ENTRY ELEMENTS (KOHA)
Koha item type Books
Holdings
Withdrawn status Lost status Damaged status Not for loan Home library Current library Date acquired Bill Date Full call number Accession Number Price effective from Koha item type
        NASSDOC Library NASSDOC Library 08/06/2004 2004-10-05 025.1 MAH-; 36761 18/04/2019 Books